ბათუმის შოთა რუსთაველის სახელმწიფო უნივერსიტეტის ბიბლიოთეკა

ფული, ფულის მიმოქცევა და კრედიტი : (ბიბ.ჩანაწერი № 54789)

000 -ლიდერი
ფიქსირებული სიგრძის საკონტროლო ველი 01889nam a2200313Ia 4500
001 - საკონტროლო ნომერი
საკონტროლო ველი 21857
003 - საკონტროლო ნომრის იდენტიფიკატორი
საკონტროლო ველი GE_BSU
005 - ბოლო ოპერაციის თარიღი და დრო
საკონტროლო ველი 20220531133930.0
008 - ფიქსირებული სიგრძის მონაცემთა ელემენტები - ზოგადი ინფორმაცია
ფიქსირებული სიგრძის საკონტროლო ველი 181216s2017||||ge |||||||||||||| ||geo||
020 ## - წიგნის საერთაშორისო სტანდარტული ნომერი
International Standard Book Number 9789941097553
040 ## - კატალოგიზაციის წყარო
Transcribing agency GE_BSU
041 ## - ენის კოდი
Language code of text/sound track or separate title geo
080 ## - უნივერსალური ათობითი კლასიფიკაციის ინდექსი
Universal Decimal Classification number 336.74(075.8) ც-12
100 ## - მთავარი ჩანაწერი - პიროვნების სახელი
Personal name ცაავა, გიორგი
9 (RLIN) 13902
245 ## - ცნობა სათაურის შესახებ
Title ფული, ფულის მიმოქცევა და კრედიტი :
Remainder of title (სასწავლო-პრაქტიკული სახელმძღვანელო) = Money, monetary circulation and credit : (Teaching-practical handbook) = Деньги, денежное обращение и кредит : (Учебно-практическое пособие) /
Statement of responsibility, etc გიორგი ცაავა, რატი ბურდიაშვილი, ვალერი მოსიაშვილი ; რედაქტორი: ლევან ჯანგულაშვილი, ნანა შონია.
264 ## - წარმოების, გამოცემის, დისტრიბუციის და სხვა ცნობები
გამოცემის, წარმოების, დისტრიბუციის... ადგილი თბილისი :
გამოცემის, წარმოების, დისტრიბუციის... სახელწოდება დანი,
გამოცემის, წარმოების, დისტრიბუციის... თარიღი 2017.
300 ## - ფიზიკური აღწერა
Extent 672 გვ. ;
Other physical details 20 სმ.
504 ## - BIBLIOGRAPHY, ETC. NOTE
Bibliography, etc ბიბლიოგრ.: გვ. 663-670.
520 ## - SUMMARY, ETC.
Summary, etc თავფურცლის მე-2 გვერდი ინგლ. და რუს.ენაზე
653 ## - INDEX TERM--UNCONTROLLED
Uncontrolled term ფული და ფულის მიმოქცევა
653 ## - INDEX TERM--UNCONTROLLED
Uncontrolled term კრედიტი
653 ## - INDEX TERM--UNCONTROLLED
Uncontrolled term სახელმძღვანელო
700 ## - ADDED ENTRY--PERSONAL NAME
Personal name მოსიაშვილი, ვალერი
Relator term ავტორი
9 (RLIN) 13903
700 ## - ADDED ENTRY--PERSONAL NAME
Personal name ბურდიაშვილი, რატი
Relator term ავტორი
9 (RLIN) 13904
700 ## - ADDED ENTRY--PERSONAL NAME
Personal name ჯანგულაშვილი, ლევან
Relator term რედაქტორი
9 (RLIN) 6699
700 ## - ADDED ENTRY--PERSONAL NAME
Personal name შონია, ნანა
Relator term რედაქტორი
9 (RLIN) 13905
942 ## - ADDED ENTRY ELEMENTS (KOHA)
Koha item type წიგნი
Source of classification or shelving scheme
ეგზემპლარები
ჩამოწერის სტატუსი დაკარგული ეგზემპლარის სტატუსი კლასიფიკაციის წყარო ან თაროზე გაწყობის სქემა დაზიანების სტატუსი არ გაიცემა მუდმივი მდებარეობა (დაცვის ადგილი) ამჟამინდელი ადგილსამყოფელი თაროზე განთავსების ადგილი შეძენის თარიღი ღირებულება, შესყიდვის ნორმალური ფასი სრული შენახვის შიფრი შტრიხკოდი ბოლო ოპერაციის თარიღი ეგზემპლარის მიმდევრობითი ნომერი (კეტერი?) ფასის ძალაში შესვლის თარიღი ეგზემპლარის სახეობა საჯარო შენიშვნა
          ბათუმის შოთა რუსთაველის სახელმწიფო უნივერსიტეტის მთავარი ბიბლიოთეკა ბათუმის შოთა რუსთაველის სახელმწიფო უნივერსიტეტის მთავარი ბიბლიოთეკა წიგნსაცავი 2018-12-17 23.00 336.74(075.8) ც-12 56457 2018-12-17 56457 2018-12-17 წიგნი 23 ლ.
          ბათუმის შოთა რუსთაველის სახელმწიფო უნივერსიტეტის მთავარი ბიბლიოთეკა ბათუმის შოთა რუსთაველის სახელმწიფო უნივერსიტეტის მთავარი ბიბლიოთეკა წიგნსაცავი 2018-12-17 23.00 336.74(075.8) ც-12 56458 2018-12-17 56458 2018-12-17 წიგნი 23 ლ.
          ბათუმის შოთა რუსთაველის სახელმწიფო უნივერსიტეტის მთავარი ბიბლიოთეკა ბათუმის შოთა რუსთაველის სახელმწიფო უნივერსიტეტის მთავარი ბიბლიოთეკა წიგნსაცავი 2018-12-17 23.00 336.74(075.8) ც-12 56459 2018-12-17 56459 2018-12-17 წიგნი 23 ლ.
          ბათუმის შოთა რუსთაველის სახელმწიფო უნივერსიტეტის მთავარი ბიბლიოთეკა ბათუმის შოთა რუსთაველის სახელმწიფო უნივერსიტეტის მთავარი ბიბლიოთეკა წიგნსაცავი 2018-12-17 23.00 336.74(075.8) ც-12 56460 2018-12-17 56460 2018-12-17 წიგნი 23 ლ.
          ბათუმის შოთა რუსთაველის სახელმწიფო უნივერსიტეტის მთავარი ბიბლიოთეკა ბათუმის შოთა რუსთაველის სახელმწიფო უნივერსიტეტის მთავარი ბიბლიოთეკა წიგნსაცავი 2018-12-17 23.00 336.74(075.8) ც-12 56461 2018-12-17 56461 2018-12-17 წიგნი 23 ლ.